[Event "Top 12 2021"]
[Site "Chalons en Champagne, France"]
[Date "2021.07.04"]
[Round "11.29"]
[White "Moussard, Jules ASN"]
[Black "Hamdouchi, Hicham CLI"]
[Result "1/2-1/2"]
[WhiteElo "2635"]
[BlackElo "2561"]

1. e4 {[%clk 01:28:38]} {[%emt 00:02:17]} c5 {[%clk 01:29:50]} {[%emt
00:01:15]} 2. Nf3 {[%clk 01:28:52]} {[%emt 00:00:14]} Nf6 {[%clk 01:28:22]}
{[%emt 00:01:59]} 3. Nc3 {[%clk 01:25:14]} {[%emt 00:04:08]} Nc6 {[%clk
01:25:32]} {[%emt 00:03:19]} 4. d4 {[%clk 01:24:57]} {[%emt 00:00:47]} cxd4
{[%clk 01:25:48]} {[%emt 00:00:15]} 5. Nxd4 {[%clk 01:25:21]} {[%emt 00:00:07]}
e5 {[%clk 01:25:36]} {[%emt 00:00:41]} 6. Ndb5 {[%clk 01:25:22]} {[%emt
00:00:30]} d6 {[%clk 01:25:57]} {[%emt 00:00:09]} 7. Nd5 {[%clk 01:18:26]}
{[%emt 00:07:27]} Nxd5 {[%clk 01:26:12]} {[%emt 00:00:14]} 8. exd5 {[%clk
01:18:51]} {[%emt 00:00:05]} Nb8 {[%clk 01:26:10]} {[%emt 00:00:32]} 9. a4
{[%clk 01:16:39]} {[%emt 00:02:43]} Be7 {[%clk 01:25:15]} {[%emt 00:01:24]} 10.
Bd2 {[%clk 01:12:55]} {[%emt 00:04:15]} O-O {[%clk 01:22:27]} {[%emt 00:03:17]}
11. a5 {[%clk 01:11:13]} {[%emt 00:02:13]} a6 {[%clk 01:13:29]} {[%emt
00:09:27]} 12. Na3 {[%clk 01:10:46]} {[%emt 00:00:58]} Bf5 {[%clk 01:13:47]}
{[%emt 00:00:12]} 13. Nc4 {[%clk 01:05:30]} {[%emt 00:05:46]} Nd7 {[%clk
01:13:41]} {[%emt 00:00:36]} 14. Be2 {[%clk 01:04:28]} {[%emt 00:01:33]} Rc8
{[%clk 01:08:46]} {[%emt 00:05:25]} 15. O-O {[%clk 01:03:02]} {[%emt 00:01:55]}
Be4 {[%clk 00:59:44]} {[%emt 00:09:32]} 16. Be3 {[%clk 00:59:15]} {[%emt
00:04:17]} Nf6 {[%clk 00:58:12]} {[%emt 00:02:02]} 17. f3 {[%clk 00:53:08]}
{[%emt 00:06:38]} Bg6 {[%clk 00:56:22]} {[%emt 00:02:20]} 18. c3 {[%clk
00:49:06]} {[%emt 00:04:32]} Nd7 {[%clk 00:47:01]} {[%emt 00:09:51]} 19. Ra4
{[%clk 00:46:42]} {[%emt 00:02:54]} f5 {[%clk 00:44:45]} {[%emt 00:02:45]} 20.
Rb4 {[%clk 00:39:19]} {[%emt 00:07:54]} Qc7 {[%clk 00:43:42]} {[%emt 00:01:33]}
21. Kh1 {[%clk 00:36:49]} {[%emt 00:03:00]} Bf7 {[%clk 00:38:17]} {[%emt
00:05:54]} 22. Qd2 {[%clk 00:36:38]} {[%emt 00:00:42]} Nf6 {[%clk 00:34:29]}
{[%emt 00:04:18]} 23. Nb6 {[%clk 00:34:31]} {[%emt 00:02:37]} Rb8 {[%clk
00:34:40]} {[%emt 00:00:19]} 24. c4 {[%clk 00:34:13]} {[%emt 00:00:49]} Kh8
{[%clk 00:31:54]} {[%emt 00:03:15]} 25. Rb3 {[%clk 00:33:37]} {[%emt 00:01:05]}
f4 {[%clk 00:29:08]} {[%emt 00:03:16]} 26. Bf2 {[%clk 00:32:40]} {[%emt
00:01:27]} g5 {[%clk 00:29:19]} {[%emt 00:00:20]} 27. Rc3 {[%clk 00:31:24]}
{[%emt 00:01:46]} g4 {[%clk 00:28:04]} {[%emt 00:01:45]} 28. Bh4 {[%clk
00:27:19]} {[%emt 00:04:36]} gxf3 {[%clk 00:26:57]} {[%emt 00:01:36]} 29. Bxf3
{[%clk 00:24:59]} {[%emt 00:02:50]} Bg6 {[%clk 00:25:07]} {[%emt 00:02:20]} 30.
c5 {[%clk 00:22:57]} {[%emt 00:02:33]} dxc5 {[%clk 00:13:27]} {[%emt 00:12:10]}
31. Bxf6+ {[%clk 00:15:13]} {[%emt 00:08:14]} Bxf6 {[%clk 00:10:09]} {[%emt
00:03:48]} 32. d6 {[%clk 00:13:06]} {[%emt 00:02:37]} Qg7 {[%clk 00:10:33]}
{[%emt 00:00:06]} 33. Rc4 {[%clk 00:13:10]} {[%emt 00:00:26]} Bd8 {[%clk
00:07:26]} {[%emt 00:03:37]} 34. Re1 {[%clk 00:11:30]} {[%emt 00:02:10]} Bxb6
{[%clk 00:04:51]} {[%emt 00:03:05]} 35. axb6 {[%clk 00:11:59]} {[%emt
00:00:02]} Qf6 {[%clk 00:04:44]} {[%emt 00:00:37]} 36. d7 {[%clk 00:08:42]}
{[%emt 00:03:47]} Rbd8 {[%clk 00:04:08]} {[%emt 00:01:06]} 37. Rxc5 {[%clk
00:00:50]} {[%emt 00:08:22]} e4 {[%clk 00:04:13]} {[%emt 00:00:26]} 38. Rxe4
{[%clk 00:00:43]} {[%emt 00:00:36]} Bxe4 {[%clk 00:02:49]} {[%emt 00:01:53]} 39.
Bxe4 {[%clk 00:01:12]} {[%emt 00:00:02]} Qxb6 {[%clk 00:01:32]} {[%emt
00:01:47]} 40. Rh5 {[%clk 00:31:08]} {[%emt 00:00:34]} Rf7 {[%clk 00:30:39]}
{[%emt 00:01:23]} 41. Qc3+ {[%clk 00:06:48]} {[%emt 00:24:50]} Qf6 {[%clk
00:30:49]} {[%emt 00:00:20]} 42. Rxh7+ {[%clk 00:07:06]} {[%emt 00:00:13]} Kg8
{[%clk 00:31:13]} {[%emt 00:00:05]} 43. Qb3 {[%clk 00:07:17]} {[%emt 00:00:19]}
Rdxd7 {[%clk 00:30:03]} {[%emt 00:01:40]} 44. h3 {[%clk 00:06:19]} {[%emt
00:01:28]} Kf8 {[%clk 00:17:06]} {[%emt 00:13:27]} 45. Rh5 {[%clk 00:05:18]}
{[%emt 00:01:31]} Qd4 {[%clk 00:16:01]} {[%emt 00:01:34]} 46. Bf3 {[%clk
00:03:10]} {[%emt 00:02:40]} Qe3 {[%clk 00:03:17]} {[%emt 00:13:13]} 47. Qc2
{[%clk 00:02:30]} {[%emt 00:01:10]} Qe1+ {[%clk 00:01:49]} {[%emt 00:01:58]} 48.
Kh2 {[%clk 00:02:59]} Qg3+ {[%clk 00:01:59]} {[%emt 00:00:20]} 49. Kh1 {[%clk
00:03:28]} {[%emt 00:00:02]} Qe1+ {[%clk 00:01:19]} {[%emt 00:01:10]} 50. Kh2
{[%clk 00:03:57]} {[%emt 00:00:01]} Qg3+ {[%clk 00:00:41]} {[%emt 00:01:08]} 51.
Kh1 {[%clk 00:04:25]} {[%emt 00:00:02]} 1/2-1/2

[Event "Top 12 2021"]
[Site "Chalons en Champagne, France"]
[Date "2021.07.04"]
[Round "11.30"]
[White "Delorme, Axel CLI"]
[Black "Cornette, Matthieu ASN"]
[Result "1/2-1/2"]
[WhiteElo "2480"]
[BlackElo "2566"]

1. Nf3 {[%clk 01:30:55]} {[%emt 00:00:04]} d5 {[%clk 01:30:15]} {[%emt
00:00:45]} 2. d4 {[%clk 01:29:25]} {[%emt 00:02:00]} Nf6 {[%clk 01:30:32]}
{[%emt 00:00:13]} 3. c4 {[%clk 01:29:48]} {[%emt 00:00:08]} e6 {[%clk
01:30:56]} {[%emt 00:00:06]} 4. g3 {[%clk 01:30:02]} {[%emt 00:00:16]} Bb4+
{[%clk 01:30:30]} {[%emt 00:00:55]} 5. Bd2 {[%clk 01:28:42]} {[%emt 00:01:51]}
a5 {[%clk 01:30:44]} {[%emt 00:00:16]} 6. Bxb4 {[%clk 01:15:39]} {[%emt
00:13:33]} axb4 {[%clk 01:30:59]} {[%emt 00:00:15]} 7. Nbd2 {[%clk 01:16:07]}
{[%emt 00:00:02]} O-O {[%clk 01:17:21]} {[%emt 00:14:07]} 8. Bg2 {[%clk
01:16:25]} {[%emt 00:00:12]} b6 {[%clk 01:14:16]} {[%emt 00:03:35]} 9. O-O
{[%clk 01:15:20]} {[%emt 00:01:35]} Bb7 {[%clk 01:13:14]} {[%emt 00:01:32]} 10.
cxd5 {[%clk 01:01:30]} {[%emt 00:14:20]} exd5 {[%clk 01:12:07]} {[%emt
00:01:36]} 11. Ne5 {[%clk 00:54:08]} {[%emt 00:07:53]} c5 {[%clk 01:08:30]}
{[%emt 00:04:07]} 12. a3 {[%clk 00:40:43]} {[%emt 00:13:56]} bxa3 {[%clk
01:01:31]} {[%emt 00:07:28]} 13. Rxa3 {[%clk 00:39:13]} {[%emt 00:02:00]} Na6
{[%clk 00:55:50]} {[%emt 00:06:11]} 14. Nb1 {[%clk 00:31:48]} {[%emt 00:07:54]}
Nb4 {[%clk 00:49:44]} {[%emt 00:06:37]} 15. Nc3 {[%clk 00:31:11]} {[%emt
00:01:08]} Qe7 {[%clk 00:48:46]} {[%emt 00:01:27]} 16. e3 {[%clk 00:26:58]}
{[%emt 00:04:43]} Ne4 {[%clk 00:45:39]} {[%emt 00:03:37]} 17. Rxa8 {[%clk
00:21:03]} {[%emt 00:06:25]} Rxa8 {[%clk 00:45:13]} {[%emt 00:00:55]} 18. Nd3
{[%clk 00:13:52]} {[%emt 00:07:41]} cxd4 {[%clk 00:36:25]} {[%emt 00:09:18]} 19.
Nxb4 {[%clk 00:11:28]} {[%emt 00:02:53]} Qxb4 {[%clk 00:33:48]} {[%emt
00:03:08]} 20. Qxd4 {[%clk 00:10:32]} {[%emt 00:01:27]} Qxd4 {[%clk 00:31:19]}
{[%emt 00:02:58]} 1/2-1/2

[Event "Top 12 2021"]
[Site "Chalons en Champagne, France"]
[Date "2021.07.04"]
[Round "11.31"]
[White "Degraeve, Jean-Marc ASN"]
[Black "Kosteniuk, Alexandra CLI"]
[Result "1/2-1/2"]
[WhiteElo "2527"]
[BlackElo "2472"]

1. e4 {[%clk 01:19:00]} {[%emt 00:12:00]} e5 {[%clk 01:30:54]} {[%emt
00:00:07]} 2. Nf3 {[%clk 01:19:03]} {[%emt 00:00:27]} Nc6 {[%clk 01:31:18]}
{[%emt 00:00:06]} 3. Nc3 {[%clk 01:19:18]} {[%emt 00:00:16]} Nf6 {[%clk
01:31:43]} {[%emt 00:00:05]} 4. Bb5 {[%clk 01:19:32]} {[%emt 00:00:16]} Nd4
{[%clk 01:32:07]} {[%emt 00:00:06]} 5. O-O {[%clk 01:19:53]} {[%emt 00:00:08]}
c6 {[%clk 01:31:31]} {[%emt 00:01:06]} 6. Bd3 {[%clk 01:17:51]} {[%emt
00:02:31]} Nxf3+ {[%clk 01:30:43]} {[%emt 00:01:18]} 7. Qxf3 {[%clk 01:18:19]}
{[%emt 00:00:02]} d6 {[%clk 01:29:12]} {[%emt 00:02:02]} 8. Be2 {[%clk
01:11:39]} {[%emt 00:07:10]} g5 {[%clk 01:25:18]} {[%emt 00:04:24]} 9. Rd1
{[%clk 01:08:58]} {[%emt 00:03:11]} Rg8 {[%clk 01:10:17]} {[%emt 00:15:31]} 10.
d4 {[%clk 01:08:44]} {[%emt 00:00:44]} exd4 {[%clk 01:09:33]} {[%emt 00:01:14]}
11. Rxd4 {[%clk 01:08:45]} {[%emt 00:00:28]} Ng4 {[%clk 01:09:32]} {[%emt
00:00:31]} 12. a4 {[%clk 00:43:01]} {[%emt 00:26:14]} Bg7 {[%clk 01:03:25]}
{[%emt 00:06:37]} 13. Rd1 {[%clk 00:30:48]} {[%emt 00:12:43]} Be5 {[%clk
01:03:46]} {[%emt 00:00:09]} 14. g3 {[%clk 00:26:17]} {[%emt 00:05:01]} Rg6
{[%clk 01:01:16]} {[%emt 00:03:00]} 15. Qd3 {[%clk 00:25:20]} {[%emt 00:01:27]}
Qf6 {[%clk 00:52:11]} {[%emt 00:09:36]} 16. f3 {[%clk 00:16:22]} {[%emt
00:09:28]} Nxh2 {[%clk 00:52:20]} {[%emt 00:00:22]} 17. Kxh2 {[%clk 00:15:44]}
{[%emt 00:01:08]} Rh6+ {[%clk 00:52:35]} {[%emt 00:00:15]} 18. Kg2 {[%clk
00:15:19]} {[%emt 00:00:55]} Rh2+ {[%clk 00:32:25]} {[%emt 00:20:40]} 19. Kxh2
{[%clk 00:14:58]} {[%emt 00:00:51]} Qh6+ {[%clk 00:32:52]} {[%emt 00:00:03]} 20.
Kg2 {[%clk 00:14:48]} {[%emt 00:00:40]} Qh3+ {[%clk 00:26:23]} {[%emt
00:07:00]} 21. Kf2 {[%clk 00:14:45]} {[%emt 00:00:32]} Qxg3+ {[%clk 00:23:48]}
{[%emt 00:03:05]} 22. Ke3 {[%clk 00:15:10]} {[%emt 00:00:05]} Qf4+ {[%clk
00:17:08]} {[%emt 00:07:09]} 23. Kf2 {[%clk 00:15:34]} {[%emt 00:00:06]} Qg3+
{[%clk 00:17:30]} {[%emt 00:00:08]} 24. Ke3 {[%clk 00:16:00]} {[%emt 00:00:04]}
Bf6 {[%emt 00:00:38]} 1/2-1/2

[Event "Top 12 2021"]
[Site "Chalons en Champagne, France"]
[Date "2021.07.04"]
[Round "11.32"]
[White "Benmesbah, Natacha CLI"]
[Black "Guichard, Pauline ASN"]
[Result "1/2-1/2"]
[WhiteElo "2223"]
[BlackElo "2413"]

1. e4 {[%clk 01:30:57]} e5 {[%clk 01:24:28]} {[%emt 00:06:33]} 2. Nf3 {[%clk
01:31:22]} {[%emt 00:00:06]} Nc6 {[%clk 01:24:50]} {[%emt 00:00:07]} 3. Bb5
{[%clk 01:31:40]} {[%emt 00:00:13]} Nf6 {[%clk 01:24:18]} {[%emt 00:01:02]} 4.
O-O {[%clk 01:31:58]} {[%emt 00:00:11]} Nxe4 {[%clk 01:24:33]} {[%emt
00:00:15]} 5. Re1 {[%clk 01:32:13]} {[%emt 00:00:15]} Nd6 {[%clk 01:24:34]}
{[%emt 00:00:29]} 6. Nxe5 {[%clk 01:32:27]} {[%emt 00:00:17]} Be7 {[%clk
01:24:42]} {[%emt 00:00:22]} 7. Bf1 {[%clk 01:32:25]} {[%emt 00:00:33]} Nxe5
{[%clk 01:24:58]} {[%emt 00:00:13]} 8. Rxe5 {[%clk 01:32:51]} {[%emt 00:00:04]}
O-O {[%clk 01:25:21]} {[%emt 00:00:06]} 9. d4 {[%clk 01:33:11]} {[%emt
00:00:11]} Bf6 {[%clk 01:25:33]} {[%emt 00:00:18]} 10. Re1 {[%clk 01:33:27]}
{[%emt 00:00:14]} Re8 {[%clk 01:25:44]} {[%emt 00:00:19]} 11. Bf4 {[%clk
01:33:11]} {[%emt 00:00:46]} Rxe1 {[%clk 01:19:45]} {[%emt 00:06:30]} 12. Qxe1
{[%clk 01:33:37]} {[%emt 00:00:03]} Bxd4 {[%clk 01:20:09]} {[%emt 00:00:06]} 13.
Bxd6 {[%clk 01:34:01]} {[%emt 00:00:07]} cxd6 {[%clk 01:20:18]} {[%emt
00:00:20]} 14. c3 {[%clk 01:21:58]} {[%emt 00:12:33]} Bf6 {[%clk 01:13:39]}
{[%emt 00:07:09]} 15. Qe4 {[%clk 01:21:09]} {[%emt 00:01:19]} d5 {[%clk
01:11:53]} {[%emt 00:02:17]} 16. Qxd5 {[%clk 01:16:22]} {[%emt 00:05:17]} d6
{[%clk 01:12:12]} {[%emt 00:00:10]} 17. Nd2 {[%clk 01:12:36]} {[%emt 00:04:16]}
Be6 {[%clk 01:07:04]} {[%emt 00:05:38]} 18. Qxb7 {[%clk 01:04:00]} {[%emt
00:09:06]} Rb8 {[%clk 01:07:08]} {[%emt 00:00:25]} 19. Qxa7 {[%clk 01:04:12]}
{[%emt 00:00:19]} Rxb2 {[%clk 01:07:26]} {[%emt 00:00:12]} 20. Nc4 {[%clk
00:57:43]} {[%emt 00:06:59]} Rb8 {[%clk 01:07:31]} {[%emt 00:00:25]} 21. Rd1
{[%clk 00:57:07]} {[%emt 00:01:06]} Ra8 {[%clk 00:51:53]} {[%emt 00:16:08]} 22.
Qb6 {[%clk 00:57:17]} {[%emt 00:00:20]} Qxb6 {[%clk 00:48:14]} {[%emt
00:04:09]} 23. Nxb6 {[%clk 00:57:44]} {[%emt 00:00:04]} Rxa2 {[%clk 00:48:29]}
{[%emt 00:00:15]} 24. Rxd6 {[%clk 00:57:34]} {[%emt 00:00:40]} g6 {[%clk
00:33:57]} {[%emt 00:15:01]} 25. Nd5 {[%clk 00:45:34]} {[%emt 00:12:31]} Bxd5
{[%clk 00:33:22]} {[%emt 00:01:05]} 26. Rxd5 {[%clk 00:46:00]} {[%emt
00:00:04]} Bxc3 {[%clk 00:33:45]} {[%emt 00:00:08]} 27. Rd8+ {[%clk 00:43:35]}
{[%emt 00:02:54]} 1/2-1/2

[Event "Top 12 2021"]
[Site "Chalons en Champagne, France"]
[Date "2021.07.04"]
[Round "11.34"]
[White "Bauer, Christian CCH"]
[Black "Fressinet, Laurent BIS"]
[Result "1/2-1/2"]
[WhiteElo "2639"]
[BlackElo "2638"]

1. c4 {[%clk 01:30:51]} {[%emt 00:00:07]} e6 {[%clk 01:27:03]} {[%emt
00:03:58]} 2. Nc3 {[%clk 01:31:05]} {[%emt 00:00:17]} c5 {[%clk 01:25:38]}
{[%emt 00:01:54]} 3. Nf3 {[%clk 01:31:00]} {[%emt 00:00:36]} Nf6 {[%clk
01:26:02]} {[%emt 00:00:06]} 4. g3 {[%clk 01:26:32]} {[%emt 00:04:59]} b6
{[%clk 01:22:45]} {[%emt 00:03:45]} 5. Bg2 {[%clk 01:25:45]} {[%emt 00:01:18]}
Bb7 {[%clk 01:23:09]} {[%emt 00:00:05]} 6. O-O {[%clk 01:26:03]} {[%emt
00:00:13]} Be7 {[%clk 01:23:35]} {[%emt 00:00:03]} 7. Re1 {[%clk 01:21:41]}
{[%emt 00:04:52]} d5 {[%clk 01:20:05]} {[%emt 00:04:00]} 8. cxd5 {[%clk
01:21:22]} {[%emt 00:00:50]} Nxd5 {[%clk 01:20:16]} {[%emt 00:00:19]} 9. e4
{[%clk 01:19:32]} {[%emt 00:02:20]} Nb4 {[%clk 01:18:11]} {[%emt 00:02:34]} 10.
d4 {[%clk 01:19:55]} {[%emt 00:00:08]} cxd4 {[%clk 01:18:10]} {[%emt 00:00:31]}
11. Nxd4 {[%clk 01:20:23]} {[%emt 00:00:03]} N8c6 {[%clk 01:17:06]} {[%emt
00:01:32]} 12. Nxc6 {[%clk 01:18:02]} {[%emt 00:02:51]} Qxd1 {[%clk 01:13:27]}
{[%emt 00:04:09]} 13. Rxd1 {[%clk 01:16:44]} {[%emt 00:01:49]} Bxc6 {[%clk
01:13:50]} {[%emt 00:00:06]} 14. Bf4 {[%clk 01:09:27]} {[%emt 00:07:48]} g5
{[%clk 01:12:55]} {[%emt 00:01:26]} 15. Bd6 {[%clk 01:05:43]} {[%emt 00:04:14]}
Bxd6 {[%clk 01:08:55]} {[%emt 00:04:29]} 16. Rxd6 {[%clk 01:06:09]} {[%emt
00:00:05]} Ke7 {[%clk 01:09:17]} {[%emt 00:00:07]} 17. e5 {[%clk 01:05:17]}
{[%emt 00:01:22]} Bxg2 {[%clk 01:08:52]} {[%emt 00:00:56]} 18. Kxg2 {[%clk
01:05:39]} {[%emt 00:00:08]} Rhd8 {[%clk 01:07:20]} {[%emt 00:02:01]} 19. Rad1
{[%clk 01:04:36]} {[%emt 00:01:34]} Rac8 {[%clk 01:03:27]} {[%emt 00:04:22]} 20.
f4 {[%clk 00:45:23]} {[%emt 00:19:44]} gxf4 {[%clk 00:53:39]} {[%emt 00:10:18]}
21. gxf4 {[%clk 00:45:26]} {[%emt 00:00:26]} Rxd6 {[%clk 00:42:44]} {[%emt
00:11:25]} 22. Rxd6 {[%clk 00:44:15]} {[%emt 00:01:41]} Rc4 {[%clk 00:30:16]}
{[%emt 00:12:58]} 23. Kf3 {[%clk 00:37:40]} {[%emt 00:07:05]} Nc2 {[%clk
00:27:40]} {[%emt 00:03:06]} 24. Ne2 {[%clk 00:29:28]} {[%emt 00:08:42]} Nb4
{[%clk 00:22:55]} {[%emt 00:05:15]} 25. Nc3 {[%clk 00:16:56]} {[%emt 00:13:01]}
Nc2 {[%clk 00:22:41]} {[%emt 00:00:44]} 26. Ne2 {[%clk 00:17:20]} {[%emt
00:00:07]} Nb4 {[%clk 00:23:05]} {[%emt 00:00:05]} 27. Nc3 {[%clk 00:09:16]}
{[%emt 00:08:35]} 1/2-1/2

[Event "Top 12 2021"]
[Site "Chalons en Champagne, France"]
[Date "2021.07.04"]
[Round "11.35"]
[White "Naiditsch, Arkadij BIS"]
[Black "Guliyev, Namig CCH"]
[Result "1-0"]
[WhiteElo "2649"]
[BlackElo "2551"]

1. e4 {[%clk 01:30:56]} {[%emt 00:00:02]} c5 {[%clk 01:30:02]} {[%emt
00:00:58]} 2. Nf3 {[%clk 01:31:16]} {[%emt 00:00:10]} d6 {[%clk 01:30:27]}
{[%emt 00:00:06]} 3. d4 {[%clk 01:31:38]} {[%emt 00:00:07]} cxd4 {[%clk
01:30:51]} {[%emt 00:00:06]} 4. Nxd4 {[%clk 01:32:04]} {[%emt 00:00:04]} Nf6
{[%clk 01:31:01]} {[%emt 00:00:20]} 5. Nc3 {[%clk 01:32:27]} {[%emt 00:00:07]}
a6 {[%clk 01:31:22]} {[%emt 00:00:09]} 6. g3 {[%clk 01:32:38]} {[%emt
00:00:19]} Nc6 {[%clk 01:28:16]} {[%emt 00:03:36]} 7. Bg2 {[%clk 01:32:32]}
{[%emt 00:00:35]} Nxd4 {[%clk 01:27:41]} {[%emt 00:01:05]} 8. Qxd4 {[%clk
01:32:54]} {[%emt 00:00:08]} e5 {[%clk 01:28:08]} {[%emt 00:00:04]} 9. Qd3
{[%clk 01:29:51]} {[%emt 00:03:32]} Be7 {[%clk 01:28:17]} {[%emt 00:00:21]} 10.
a4 {[%clk 01:26:36]} {[%emt 00:03:46]} Be6 {[%clk 01:27:00]} {[%emt 00:01:47]}
11. O-O {[%clk 01:26:26]} {[%emt 00:00:40]} Rc8 {[%clk 01:27:12]} {[%emt
00:00:18]} 12. b3 {[%clk 01:24:01]} {[%emt 00:02:55]} Qc7 {[%clk 01:26:01]}
{[%emt 00:01:41]} 13. Bd2 {[%clk 01:17:55]} {[%emt 00:06:36]} O-O {[%clk
01:24:40]} {[%emt 00:01:51]} 14. Rfc1 {[%clk 01:16:19]} {[%emt 00:02:06]} Qc5
{[%clk 01:17:14]} {[%emt 00:07:57]} 15. a5 {[%clk 01:08:27]} {[%emt 00:08:22]}
Bd8 {[%clk 01:10:13]} {[%emt 00:07:31]} 16. Na4 {[%clk 00:54:15]} {[%emt
00:14:41]} Qc6 {[%clk 01:08:46]} {[%emt 00:01:55]} 17. c4 {[%clk 00:54:27]}
{[%emt 00:00:20]} Nd7 {[%clk 01:04:07]} {[%emt 00:05:10]} 18. Nc3 {[%clk
00:54:28]} {[%emt 00:00:29]} b6 {[%clk 01:02:08]} {[%emt 00:02:29]} 19. axb6
{[%clk 00:48:57]} {[%emt 00:06:01]} Qxb6 {[%clk 00:57:49]} {[%emt 00:04:48]} 20.
Ra3 {[%clk 00:35:10]} {[%emt 00:14:17]} h6 {[%clk 00:45:25]} {[%emt 00:12:55]}
21. Nd5 {[%clk 00:26:14]} {[%emt 00:09:25]} Bxd5 {[%clk 00:38:40]} {[%emt
00:07:15]} 22. Qxd5 {[%clk 00:24:57]} {[%emt 00:01:47]} Bg5 {[%clk 00:34:58]}
{[%emt 00:04:12]} 23. Bxg5 {[%clk 00:06:50]} {[%emt 00:18:37]} hxg5 {[%clk
00:35:10]} {[%emt 00:00:18]} 24. Qd2 {[%clk 00:07:17]} {[%emt 00:00:02]} Nc5
{[%clk 00:33:59]} {[%emt 00:01:41]} 25. b4 {[%clk 00:06:21]} {[%emt 00:01:27]}
Ne6 {[%clk 00:34:16]} {[%emt 00:00:13]} 26. Bh3 {[%clk 00:06:41]} {[%emt
00:00:09]} Rb8 {[%clk 00:31:45]} {[%emt 00:03:01]} 27. Bxe6 {[%clk 00:06:11]}
{[%emt 00:01:01]} fxe6 {[%clk 00:31:44]} {[%emt 00:00:30]} 28. Rd3 {[%clk
00:01:05]} {[%emt 00:05:35]} Qxb4 {[%clk 00:31:15]} {[%emt 00:01:00]} 29. Rxd6
{[%clk 00:00:55]} {[%emt 00:00:40]} Qxd2 {[%clk 00:28:13]} {[%emt 00:03:31]} 30.
Rxd2 {[%clk 00:01:23]} {[%emt 00:00:02]} Rb6 {[%clk 00:28:15]} {[%emt
00:00:28]} 31. c5 {[%clk 00:00:37]} {[%emt 00:01:17]} Rc6 {[%clk 00:28:37]}
{[%emt 00:00:08]} 32. Rd6 {[%clk 00:00:38]} {[%emt 00:00:28]} Rfc8 {[%clk
00:26:43]} {[%emt 00:02:24]} 33. Rxc6 {[%clk 00:00:33]} {[%emt 00:00:36]} Rxc6
{[%clk 00:26:53]} {[%emt 00:00:20]} 34. Kf1 {[%clk 00:01:01]} {[%emt 00:00:01]}
a5 {[%clk 00:26:17]} {[%emt 00:01:07]} 35. Ke2 {[%clk 00:01:27]} {[%emt
00:00:05]} a4 {[%clk 00:25:52]} {[%emt 00:00:56]} 36. Kd3 {[%clk 00:01:55]}
{[%emt 00:00:01]} a3 {[%clk 00:25:57]} {[%emt 00:00:24]} 37. Kc4 {[%clk
00:02:20]} {[%emt 00:00:05]} Rc8 {[%clk 00:11:38]} {[%emt 00:14:49]} 38. Ra1
{[%clk 00:01:30]} {[%emt 00:01:20]} Ra8 {[%clk 00:11:33]} {[%emt 00:00:35]} 39.
Kb3 {[%clk 00:01:18]} {[%emt 00:00:41]} Rb8+ {[%clk 00:11:50]} {[%emt
00:00:13]} 40. Kxa3 {[%clk 00:31:21]} {[%emt 00:00:28]} Kf7 {[%clk 00:42:02]}
{[%emt 00:00:18]} 41. Rd1 {[%clk 00:31:16]} {[%emt 00:00:34]} Ke7 {[%clk
00:39:14]} {[%emt 00:03:19]} 42. c6 {[%clk 00:24:01]} {[%emt 00:07:44]} Rb6
{[%clk 00:39:05]} {[%emt 00:00:39]} 43. Rd7+ {[%clk 00:24:18]} {[%emt
00:00:14]} Ke8 {[%clk 00:39:19]} {[%emt 00:00:16]} 44. Rd6 {[%clk 00:24:14]}
{[%emt 00:00:33]} Ra6+ {[%clk 00:38:23]} {[%emt 00:01:28]} 45. Kb4 {[%clk
00:24:22]} {[%emt 00:00:21]} Ke7 {[%clk 00:38:34]} {[%emt 00:00:18]} 46. Rd7+
{[%clk 00:24:44]} {[%emt 00:00:08]} Ke8 {[%clk 00:38:59]} {[%emt 00:00:05]} 47.
Kc5 {[%clk 00:24:21]} {[%emt 00:00:52]} Ra2 {[%clk 00:39:17]} {[%emt 00:00:13]}
48. Rxg7 {[%clk 00:24:37]} {[%emt 00:00:14]} Kd8 {[%clk 00:39:29]} {[%emt
00:00:17]} 49. Rxg5 {[%clk 00:24:25]} {[%emt 00:00:42]} Rxf2 {[%clk 00:39:50]}
{[%emt 00:00:09]} 50. Rg8+ {[%clk 00:24:51]} {[%emt 00:00:04]} Kc7 {[%clk
00:40:14]} {[%emt 00:00:07]} 51. Rg7+ {[%clk 00:25:16]} {[%emt 00:00:04]} Kc8
{[%clk 00:40:41]} {[%emt 00:00:03]} 52. h4 {[%clk 00:25:14]} {[%emt 00:00:32]}
1-0